000
00316nam a2200133 4500
999
_c
11483
_d
11483
003
OSt
005
20230512192225.0
008
230512b ||||| |||| 00| 0 eng d
020
_a
9788173713224
100
_a
Andrew Leigh
245
_a
Persuasive reports and proposals
260
_a
Universities press
942
_2
ddc